| 000 | 00483ntaaa2200181 4500 | ||
|---|---|---|---|
| 003 | 01 | ||
| 005 | 20251027203127.0 | ||
| 008 | 0714s1973 ag 01 | ||
| 040 |
_aAR-BaBN _bspa _cAR-BaBN _eaacr _dRIC |
||
| 082 | _a785.8500 R33d | ||
| 100 |
_aReynolds, Guillermo J. _932794 |
||
| 245 | _aDe unos a otros; un culto evangelístico. | ||
| 250 | _a1 ed. | ||
| 260 |
_aEl Paso : _bCasa Bautista de Publicaciones, _c1974 |
||
| 300 | _a64 p. | ||
| 650 |
_aMusica-Cantata _93628 |
||
| 942 | _cBK | ||
| 999 |
_c26711 _d26711 |
||